An introduction to neural networks

Αποθηκεύτηκε σε:
Λεπτομέρειες βιβλιογραφικής εγγραφής
Κύριος συγγραφέας: Anderson, James A.
Μορφή: Βιβλίο
Γλώσσα:English
Δημοσίευση: Cambridge, Mass : MIT Press, c1995
Θέματα:
Ετικέτες: Προσθήκη ετικέτας
Δεν υπάρχουν, Καταχωρήστε ετικέτα πρώτοι!

MARC

LEADER 00000nam a2200000 i 4500
001 1/20201
008 010713s1995 eng d
020 |a 0-262-01144-1 
035 |l 10067085 
040 |a GR-MY-UA  |b gre  |e aacr 
041 0 |a eng 
082 0 |a 612.8 
100 1 |a Anderson, James A. 
245 1 3 |a An introduction to neural networks /  |c James A. Anderson 
260 |a Cambridge, Mass :   |b MIT Press,   |c c1995 
300 |a xi, 650 p.;  |b ill.;  |c 27 cm. 
500 |a "A Bradford book" 
504 |a Includes bibliographical references and index. 
650 0 0 |a Neural networks (Neurobiology) 
852 |a INST  |b SAMOS  |e 20010713  |h 612.8 AND  |p 005300020647  |q 005300020647  |t BK  |y 0 
901 |a BIBL3-2001-2 
909 |a Σ  |b 087056 
922 |a 3ΕΛΗ  |b 200002  |c ΤΠΕΣ/ΠΟΛ  |d LEADER 
970 |a ΜΑΛΑΓΑΡΗ  |b ΦΩΤΕΙΝΗ  |z 2001/07/13